Films avec Alain Delon - Mort subite - Statistiques

Statistiques générales
  • Ce quiz a été pris 2 508 fois
  • Le résultat moyen est 7 sur 12
Answers on the Grid
Answers color-coded by a green-red scale on the quiz's grid according to % correct below.
Un flic
Le Clan des Siciliens
Plein soleil
La Piscine
Le Samouraï
Monsieur Klein
Le Cercle rouge
Le Guépard
Borsalino
Rocco et ses frères
Paris brûle-t-il ?
Astérix aux Jeux olympiques
Astérix et Obélix : Mission Cléopâtre
Skyfall
Le Crocodile
Fantomas
Au revoir là-haut
Taxi
La Traversée de Paris
Garde à vue
La Nuit du 12
Anatomie d'une chute
La dolce vita
Il était une fois dans l'Ouest
 
Statistiques - réponses
Réponse % Correct
La Piscine
72%
Le Guépard
72%
Le Samouraï
67%
Le Clan des Siciliens
65%
Borsalino
61%
Rocco et ses frères
61%
Astérix aux Jeux olympiques
55%
Monsieur Klein
54%
Le Cercle rouge
53%
Plein soleil
52%
Un flic
49%
Paris brûle-t-il ?
31%
Aucun quiz correspondant
Distribution des résultats
% des personnes avec chaque résultat
Percentile par nombre de réponses
Votre historique - résultats
Vous n’avez pas pris ce quiz